Centroamérica 1981. Un análisis económico y político de los seis países
Guardado en:
| Autor Corporativo: | |
|---|---|
| Formato: | Texto |
| Publicado: |
Guatemala:
INFOPRESS Centroamericana
|
| Etiquetas: |
Agregar Etiqueta
Sin Etiquetas, Sea el primero en etiquetar este registro!
|
MARC
| LEADER | 00000 a a2200000 04500 | ||
|---|---|---|---|
| 001 | 22246 | ||
| 003 | |||
| 040 | |||
| 090 | |a 151000 | ||
| 110 | |a INFORPRESS Centroamericana | ||
| 245 | |a Centroamérica 1981. Un análisis económico y político de los seis países | ||
| 260 | |a Guatemala: |b INFOPRESS Centroamericana | ||
| 300 | |a p. irreg |b **no definido** | ||
| 999 | |c 1790 |d 1790 | ||
